| 000 | 01074cam a22002651 4500 | ||
|---|---|---|---|
| 001 | sd 61000014 | ||
| 003 | DLC | ||
| 005 | 20260227112736.0 | ||
| 008 | 920417r19611961dcu f000 0 eng c | ||
| 010 | _asd 61000014 | ||
| 035 | _a(OCoLC)25667841 | ||
| 040 |
_aU.S. Dept. of State. Library _cDS _dDS _dDLC |
||
| 042 | _apremarc | ||
| 050 | 0 | 0 |
_aJX1417 _b.B6 |
| 100 | 1 |
_aBowles, Chester, _d1901-1986. |
|
| 245 | 1 | 4 |
_aThe foundations of world partnership. _b[Address made before the Consultation on Immigration Policy of the National Council of Churches of Christ in the U.S.A at Washington, D.C., on Apr. 13. |
| 260 |
_aWashington] _bDept. of State _c[1961] |
||
| 300 |
_a12 p. _c22 x 10 cm. |
||
| 490 | 1 |
_a[U.S.] Dept. of State. Publication _v7196 |
|
| 490 | 1 |
_aGeneral foreign policy series, _v167 |
|
| 500 | _a"Reprinted from the Department of State bulletin of May 1, 1961." | ||
| 651 | 0 |
_aUnited States _xForeign relations. |
|
| 830 | 0 |
_aDepartment of State publication ; _v7196. |
|
| 830 | 0 |
_aDepartment of State publication. _pGeneral foreign policy series ; _v167. |
|
| 999 |
_c90083 _d90083 |
||